Marketing: (Record no. 49543)
[ view plain ]
| 000 -LEADER | |
|---|---|
| fixed length control field | 00444nam a22001577a 4500 |
| 008 - FIXED-LENGTH DATA ELEMENTS--GENERAL INFORMATION | |
| fixed length control field | 170320b xxu||||| |||| 00| 0 eng d |
| 020 ## - INTERNATIONAL STANDARD BOOK NUMBER | |
| International Standard Book Number | 9780132549844 |
| 050 ## - LIBRARY OF CONGRESS CALL NUMBER | |
| Classification number | HF 5415 |
| Item number | .M29 2012 |
| 100 ## - MAIN ENTRY--PERSONAL NAME | |
| Personal name | Gary Amstrong |
| 245 ## - TITLE STATEMENT | |
| Title | Marketing: |
| Remainder of title | an introduction |
| Statement of responsibility, etc | Gary Amstrong...[et al] |
| 250 ## - EDITION STATEMENT | |
| Edition statement | 4th Canadian ed. |
| 260 ## - PUBLICATION, DISTRIBUTION, ETC. (IMPRINT) | |
| Place of publication, distribution, etc | upper saddle river |
| Name of publisher, distributor, etc | Pearson |
| Date of publication, distribution, etc | 2012 |
| 300 ## - PHYSICAL DESCRIPTION | |
| Extent | xxiii,663p |
| Dimensions | 26cm |
| 500 ## - GENERAL NOTE | |
| General note | includes index |
| 942 ## - ADDED ENTRY ELEMENTS (KOHA) | |
| Source of classification or shelving scheme | Library of Congress Classification |
| Item type | Book |
| Withdrawn status | Lost status | Source of classification or shelving scheme | Damaged status | Not for loan | Collection code | Home library | Current library | Shelving location | Date acquired | Source of acquisition | Cost, normal purchase price | Total Checkouts | Full call number | Barcode | Date last seen | Date last borrowed | Copy number | Price effective from | Koha item type |
|---|---|---|---|---|---|---|---|---|---|---|---|---|---|---|---|---|---|---|---|
| Library of Congress Classification | Non-fiction | Nairobi Campus | Bishop Okullu Memorial Library (Limuru Campus) | General Circulation | 20/03/2017 | Donation-BFA | 3500.00 | 10 | HF 5415 .M29 2012 | 052008 | 03/02/2026 | 03/02/2026 | 1 | 20/03/2017 | Book | ||||
| Library of Congress Classification | Non-fiction | Bishop Okullu Memorial Library (Limuru Campus) | Bishop Okullu Memorial Library (Limuru Campus) | General Circulation | 24/04/2017 | Donation-BFA | 3500.00 | 12 | HF 5415 .M29 2012 | 052841 | 10/02/2026 | 10/02/2026 | 2 | 24/04/2017 | Book |